000 00804nam a22002417a 4500
003 UPN
005 20240415090422.0
008 240131t1968 ag a|||| |||| 00| 0 spa d
040 _aMX-MxUPN
_bspa
_cMX-MxUPN
041 _aspa
050 4 _aPQ9083
_bR43 1968
100 1 _951055
_aRebello, Luiz Francisco
_d1924-2011
245 1 3 _aEl teatro portugués
260 _aBuenos Aires, Argentina :
_bCentro Editor de América Latina,
_c©1968.
300 _a103 páginas :
_bilustraciones
490 0 _aEnciclopedia de teatro, Historia ;
_v6
504 _aIncluye bibliografía.
650 0 _951057
_aDrama portugués
_xHistoria y crítica
700 1 _aJofre Barroso, Haydée M.
_d1916-2006
_etraducción
_946423
902 _aGCH300124
_bMariaRobles/160224
942 _2lcc
_cLIBRO
_n0
999 _c210898
_d210898